Länder als Cartoons - Statistiken

Allgemein
  • Dieses Quiz wurde 6.478 mal gespielt
  • Das Durchschnittsergebnis liegt bei 7 aus 12
Antwortstatistiken
Bildquiz Antwort % Korrekt
Australien
92%
Japan
90%
Kroatien
88%
Vereinigtes Königreich
84%
China
73%
Somalia
68%
Zypern
67%
Tschad
52%
Haiti
41%
Bangladesch
38%
Paraguay
27%
Costa Rica
24%
Keine übereinstimmenden Quizze gefunden
Verteilung der Resultate
Anzahl Personen mit jedem Resultat
Perzentil nach korrekt beantworteten Fragen
Ihre Resultats-Entwicklung
Sie haben dieses Quiz noch nicht gespielt